Les films de Christopher Nolan - Statistiques

Statistiques générales
  • Ce quiz a été pris 1 070 fois
  • Le résultat moyen est 6 sur 10
Statistiques - réponses
Réponse % Correct
Inception
93%
Interstellar
86%
The Dark Knight
74%
Memento
66%
Batman Begins
62%
The Dark Knight Rises
57%
Dunkerque
56%
Le Prestige
53%
Insomnia
29%
Following
19%
Aucun quiz correspondant
Distribution des résultats
% des personnes avec chaque résultat
Percentile par nombre de réponses
Votre historique - résultats
Vous n’avez pas pris ce quiz